000 00813nam a2200205 i 4500
001 170712
003 ES-MaACL
005 20250522163656.0
007 t|
008 090331s1911 fr ||||1| fre d
080 _a821.131.1-2"19"
100 1 _aD'Annunzio, Gabriele,
_d1863-1938
_942351
245 1 3 _aLe martyre de Saint Sébastien
_b: mystere compose en rythme français /
_cpar Gabriele D'Annunzio et joué a Paris sur la scene du Chatelet le XXII mai MCMXI avec la musique Claude Debussy.
250 _a14e ed.
260 _aParis :
_bCalmann-Lévy,
_c1911 (
_eSt. Denis :
_fJ. Dardaillou)
300 _aVIII, 270 p. ;
_c20 cm.
700 1 _aDebussy, Claude,
_d1862-1918
_9240620
852 4 _aES-MaACL
_jE-12525
_9R.140144
_z. - Biblioteca Jacinto Martínez Lacalle
999 _c170712
_d170712